000 00372nam a22001457a 4500
082 _a001
_bBRI/U
100 _aENCYCLOPEDIA BRITANICA
245 _aULTIMATE REFERENCE PACK- UNIVERSE
_bUNIVERSE
246 _aUNIVERSE
_bUNIVERSE
260 _aUSA
_bENCYCLOPEDIA BRITANICA
_c2022
520 _aUNIVERSE
650 _aUNIVERSE
700 _aENCYCLOPEDIA BRITANICA
942 _cVM
999 _c7843
_d7843